Datum a čas kvízu
46
Celkem bodů
Celkový počet nahraných bodů na tomto kvízu bez doplňovacích otázek.
1.
Pořadí na kvízu
Konečné umístění týmu na tomto kvízu.
Zaznamenané odpovědi
| # | Otázka | Odpověď | Body | Výsledky |
|---|---|---|---|---|
| 1. | V pátek obdržel jeden muž res... | Petr Kellner | 1 | |
| 2. | Minulý týden vyhlásil první st... | Dánsko | 1 | |
| 3. | Která herečka získala Volpiho... | Penélope Cruz | 1 | |
| 4. | V jednom českém městě začal v... | Litoměřice | 1 | |
| 5. | Jak se jmenuje žena, která v s... | Eva Samková | 1 | |
| 6. | V tomto tématu se vypravíme na... | Tuaregové/Touaregové | 1 | |
| 7. | V pouštních a polopouštních ob... | tarbík | 1 | |
| 8. | Kultovní sci-fi román Duna je... | Arrakis | 1 | |
| 9. | Rozsáhlá pouštní oblast rozklá... | Čivavská poušť (Chihuahuan Desert) | 1 | |
| 10. | Adénium ztloustlé je sukulent... | pouštní růže | 1 |